000 00877nam a22002777a 4500
001 2063
005 20250815121147.0
020 _a0590738003
020 _a9780590738002
040 _aFISKH
_beng
_cFISKH
_dFISKH
050 _aPE1119
082 _a637.4
100 _aReid, Mary Ebeltoft
245 _aLets find out about ice cream /
_bby Mary Ebeltoft Reid Photographs by John Williams
260 _aNew York :
_bScholastic,
_c1996
300 _a24 pages :
_bcolor illustrations ;
_c21 x 26 cm
505 _aH
520 _aIllustrations and simple text describe the process of making ice cream, from combining the raw ingredients to shipping the packaged containers to the store.
521 _a500
_bLexile
521 _aH
_bRaz-Plus
650 _aIce Cream
650 _aFood
650 _aDessert
700 _aWilliams, John
_ePhotographer
942 _2ddc
_cBK
_n0
999 _c2063
_d2063